Základy podnikania : Návody na cvičenia
Guardado en:
| Autores principales: | , , , , , , , , , , , |
|---|---|
| Formato: | Libro |
| Publicado: |
Bratislava :
STU v Bratislave,
2007
|
| Etiquetas: |
Sin Etiquetas, Sea el primero en etiquetar este registro!
|
MARC
| LEADER | 00000nam a22000003a 4500 | ||
|---|---|---|---|
| 001 | stu152654 | ||
| 005 | 20230512111008.5 | ||
| 008 | 071128s2007----xo----------------------d | ||
| 020 | |a 978-80-227-2735-8 | ||
| 040 | |a STU |b slo | ||
| 041 | 0 | ||
| 044 | |a xo | ||
| 100 | 1 | |a Romancová, Iveta, |d 1961- |4 aut |u V230 |9 8 |U SvF Stavebná fakulta |T SvF Katedra ekonomiky a riadenia stavebníctva |X 723 |U V230|V230 |Y 24 |7 A000000723 | |
| 245 | 1 | |a Základy podnikania : |b Návody na cvičenia | |
| 260 | |a Bratislava : |b STU v Bratislave, |c 2007 | ||
| 300 | |a 150 s | ||
| 700 | 1 | |a Chodasová, Zuzana |4 aut |u V230 |9 8 |U SvF Stavebná fakulta |T SvF Katedra ekonomiky a riadenia stavebníctva |X 866 |U V230|V230 |Y 24 |7 866 | |
| 700 | 1 | |a Kalinová, Gabriela |4 aut |u V230 |9 10 |U SvF Stavebná fakulta |T SvF Katedra ekonomiky a riadenia stavebníctva |U V230|V230 |Y 24 | |
| 700 | 1 | |a Zúbková, Mária |4 aut |u V230 |9 5 |U SvF Stavebná fakulta |T SvF Katedra ekonomiky a riadenia stavebníctva |U V230|V230 |Y 24 | |
| 700 | 1 | |a Jankovichová, Eva, |d 1956- |4 aut |u V270 |9 8 |U SvF Stavebná fakulta |T SvF Katedra technológie stavieb |X 647 |U V270 |Y 28 |7 A000000647 | |
| 700 | 1 | |a Ellingerová, Helena, |d 1962- |4 aut |u V270 |9 8 |U SvF Stavebná fakulta |T SvF Katedra technológie stavieb |X 925 |U V270 |Y 28 |7 A000000925 | |
| 700 | 1 | |a Petráková, Zora |4 aut |u V230 |9 8 |U SvF Stavebná fakulta |T SvF Katedra ekonomiky a riadenia stavebníctva |X 755 |U V230|V230 |Y 24 |7 A000000755 | |
| 700 | 1 | |a Kašjaková, Oľga |4 aut |u V230 |9 1 |U SvF Stavebná fakulta |T SvF Katedra ekonomiky a riadenia stavebníctva |U V230|V230 |Y 24 | |
| 700 | 1 | |a Bollová, Gabriela, |d 1942- |4 aut |9 13 |X 1003 |7 A000001003 | |
| 700 | 1 | |a Ivanička, Koloman |4 aut |u V230 |9 12 |U SvF Stavebná fakulta |T SvF Katedra ekonomiky a riadenia stavebníctva |U V230|V230 |Y 24 | |
| 700 | 1 | |a Špirková, Daniela |4 aut |u V230 |9 8 |U SvF Stavebná fakulta |T SvF Katedra ekonomiky a riadenia stavebníctva |U V230|V230 |Y 24 | |
| 700 | 1 | |a Kopšová, Oľga, |d 1940- |4 aut |u V350 |9 11 |U SvF Stavebná fakulta |T SvF Katedra humanitných vied |X 857 |U V350 |Y 34 |7 A000000857 | |
| 996 | |b 284V036396 |c V*529/A |l VVT |s A |a 24 |w stu152654_0001 | ||